| Tag |
First Indicator |
Second Indicator |
Subfields |
| LEADER |
00000cam a2200000 a 4500 |
| 001 |
in00000001429 |
| 007 |
he bmb024bbca |
| 008 |
980728s1997 dcu bb f000 0 eng c |
| 005 |
20230309222459.6 |
| 035 |
|
|
|a (OCoLC)ocm39559144
|
| 035 |
|
|
|9 AJB3659AM
|
| 035 |
|
|
|a in00000001429
|
| 037 |
|
|
|a 158871
|b GAO (202) 512-6000 (Voice); (301) 258-4066 (Fax)
|f paper copy
|
| 040 |
|
|
|a GPO
|c GPO
|d DLC
|d MvI
|d UtOrBLW
|
| 042 |
|
|
|a pcc
|
| 043 |
|
|
|a n-us---
|
| 049 |
|
|
|a UMIC
|
| 049 |
|
|
|a WWW
|
| 074 |
|
|
|a 0546-D (MF)
|
| 074 |
|
|
|a 0546-D (online)
|
| 086 |
0 |
|
|a GA 1.13:GGD-97-122
|
| 088 |
|
|
|a GAO/GGD-97-122
|
| 088 |
|
|
|a B-277179
|
| 110 |
1 |
|
|a United States.
|b General Accounting Office.
|
| 245 |
1 |
0 |
|a Tax policy and administration :
|b 1996 annual report on GAO's tax related work : report to the Joint Committee on Taxation /
|c United States General Accounting Office.
|
| 246 |
1 |
0 |
|a 1996 annual report on GAO's tax related work
|
| 264 |
|
1 |
|a Washington, D.C. :
|b The Office,
|c [1997]
|
| 300 |
|
|
|a 53 pages ;
|c 28 cm.
|
| 336 |
|
|
|a text
|b txt
|2 rdacontent
|
| 337 |
|
|
|a microform
|b h
|2 rdamedia
|
| 338 |
|
|
|a microfiche
|b he
|2 rdacarrier
|
| 500 |
|
|
|a Cover title.
|
| 500 |
|
|
|a Not distributed to depository libraries in a physical form.
|
| 500 |
|
|
|a Shipping list number: 98-0423-M.
|
| 500 |
|
|
|a "July 1997."
|
| 500 |
|
|
|a "July 1997"
|
| 504 |
|
|
|a Includes bibliographical references.
|
| 500 |
|
|
|a "GAO/GGD-97-122."
|
| 500 |
|
|
|a "B-277179"--P. 1.
|
| 533 |
|
|
|a Microfiche.
|b [Washington, D.C.] :
|c U.S. General Accounting Office,
|d [1997?]
|e 1 microfiche : negative.
|
| 530 |
|
|
|a Also available via Internet from the GPO Access web site. Address as of 07/17/2001: http://frwebgate.access.gpo.gov/cgi-bin/getdoc.cgi?dbname=gao&docid=f:gg97122.pdf; current access is available via PURL.
|
| 500 |
|
|
|a Microform.
|
| 650 |
|
0 |
|a Tax administration and procedure
|z United States.
|
| 650 |
|
0 |
|a Taxation
|z United States.
|
| 856 |
4 |
1 |
|u https://purl.fdlp.gov/GPO/LPS13568
|z Adobe Acrobat reader required.
|t 0
|
| 999 |
|
|
|a MARS
|
| 999 |
f |
f |
|i aba395b7-3501-3abf-bc93-1c7c701e00ed
|s 542980a9-bb33-3a94-bae6-c1f2abccf8eb
|t 0
|
| 952 |
f |
f |
|p normal
|a Texas A&M University
|b College Station
|c Sterling C. Evans Library
|d Evans: US Documents Microfiche (3rd floor)
|t 0
|e GA 1.13:GGD-97-122
|h Superintendent of Documents classification
|i microform -- microfiche
|m A14823041640
|
| 952 |
f |
f |
|a Texas A&M University
|b College Station
|c Electronic Resources
|d Available Online
|t 0
|e GA 1.13:GGD-97-122
|h Superintendent of Documents classification
|
| 998 |
f |
f |
|a GA 1.13:GGD-97-122
|t 0
|l Evans: US Documents Microfiche (3rd floor)
|
| 998 |
f |
f |
|a GA 1.13:GGD-97-122
|t 0
|l Available Online
|